000 01014nam2a22002531 4500
001 RU\NLR\INFOCOMM15\5000251709
005 20250617023201.0
035 _a(NLR Aleph) 002381739
090 _a4603338
_c4603338
100 _a20041222d1912 |||y0rusy50 ca
101 0 _arus
102 _aRU
105 _ay ||||000|y
200 1 _aОт Улалы до Отхан-Хайрхана
_e(Путевой дневник)
_fК.В. Юрганова
210 _d1912
_aБ. м.
461 0 _1001RU\NLR\INFOCOMM15\5000251699
_12001#$aТруды Томского общества изучения Сибири$vТ.2, Вып.2
_94603332
_aТомское общество изучения Сибири
_cТомск
_d1911-1915
_tТруды Томского общества изучения Сибири
_vТ.2, Вып.2
700 1 _aЮрганова
_bК.В.
_4070
801 1 _aRU
_bInfoComm
_c20041222
801 0 _aRU
_bNLR
_gPSBO
852 _aNLR
_j43.14.9.235
942 _cISSUE
980 _aNB
980 _aRUSPER